Hybrid Animals Quiz Stats

 Plays Quiz not verified by Sporcle

Score 0/9 Timer 04:00
0 Plays Today
Animal 1 Hybrid Animal % Correct
England's Richard the ____heartliger (lion, tiger)
81.9%
A striped equinezonkey (zebra, donkey)
70.1%
Shrek's friend (father)mule (donkey, horse)
37.8%
It has difficulty fitting through the eye of a needlecama (camel, llama)
36.2%
Shrek's friend (mother)hinny (donkey, horse)
29.1%
It has one stomach with four compartmentsbeefalo (cattle, bison)
22%
North America's second largest land carnivoregrolar bear (grizzly, polar bear)
19.7%
English luxury carjagulep (jaguar, leopard)
18.1%
Are you embarrassed? Don't act so ____ishsheep-goat
16.5%

You're not logged in!

Compare scores with friends on all Sporcle quizzes.
OR
Log In

You Might Also Like...

Show Comments

Extras

Created Jul 10, 2010ReportNominate
Tags:Animal Quiz, hybrid

Top Quizzes Today


Score Distribution

Your Account Isn't Verified!

In order to create a playlist on Sporcle, you need to verify the email address you used during registration. Go to your Sporcle Settings to finish the process.

Report this User

Report this user for behavior that violates our Community Guidelines.

Details: